|
|
|
|
| LEADER |
02035nam a22003853i 4500 |
| 001 |
EBC7101415 |
| 003 |
MiAaPQ |
| 005 |
20240729202204.0 |
| 006 |
m o d | |
| 007 |
cr cnu|||||||| |
| 008 |
240729s2016 xx o ||||0 ger d |
| 020 |
|
|
|a 9783428575046
|q (electronic bk.)
|
| 020 |
|
|
|z 9783428175048
|
| 035 |
|
|
|a (MiAaPQ)EBC7101415
|
| 035 |
|
|
|a (Au-PeEL)EBL7101415
|
| 035 |
|
|
|a (OCoLC)1347026937
|
| 040 |
|
|
|a MiAaPQ
|b eng
|e rda
|e pn
|c MiAaPQ
|d MiAaPQ
|
| 100 |
1 |
|
|a Eulenburg, Franz.
|
| 245 |
1 |
0 |
|a Neue Grundlagen der Handelspolitik :
|b Wissenschaftliche Gutachten. Dritter Teil: Weltwirtschaft II. (Schriften des Vereins Für Sozialpolitik 171-III. 2).
|
| 250 |
|
|
|a 1st ed.
|
| 264 |
|
1 |
|a Berlin :
|b Duncker & Humblot,
|c 2016.
|
| 264 |
|
4 |
|c {copy}1926.
|
| 300 |
|
|
|a 1 online resource (105 pages)
|
| 336 |
|
|
|a text
|b txt
|2 rdacontent
|
| 337 |
|
|
|a computer
|b c
|2 rdamedia
|
| 338 |
|
|
|a online resource
|b cr
|2 rdacarrier
|
| 490 |
1 |
|
|a Duncker and Humblot Reprints Series
|
| 505 |
0 |
|
|a Intro -- Inhaltsverzeichnis -- I. Problemstellung -- II. Statistische Erfassung -- III. Kapitalexport und Kapitalbildung -- IV. Das internationale Kapitalangebot -- V. Änderungen in den internationalen Kapitalbeziehungen -- VI. Entwicklungstendenzen der Außenhandelsfinanzierung -- VII. Die internationale Kapitalnachfrage -- VIII. Zahlungsbilanz und Handelspolitik -- IX. Internationale Finanzpolitik.
|
| 588 |
|
|
|a Description based on publisher supplied metadata and other sources.
|
| 590 |
|
|
|a Electronic reproduction. Ann Arbor, Michigan : ProQuest Ebook Central, 2024. Available via World Wide Web. Access may be limited to ProQuest Ebook Central affiliated libraries.
|
| 655 |
|
4 |
|a Electronic books.
|
| 776 |
0 |
8 |
|i Print version:
|a Eulenburg, Franz
|t Neue Grundlagen der Handelspolitik
|d Berlin : Duncker & Humblot,c2016
|z 9783428175048
|
| 797 |
2 |
|
|a ProQuest (Firm)
|
| 830 |
|
0 |
|a Duncker and Humblot Reprints Series
|
| 856 |
4 |
0 |
|u https://ebookcentral.proquest.com/lib/matrademy/detail.action?docID=7101415
|z Click to View
|